[Event "19. Open de la Constitución 2017"]
[Site "San Sebastian de los Reyes ES"]
[Date "2017.12.08"]
[Round "7.19"]
[White "Moreno Uribarri, Miguel"]
[Black "Cabañas Bravo, Juan Andres"]
[Result "0-1"]
[WhiteElo "1582"]
[BlackElo "1910"]
[PlyCount "68"]
[EventDate "2017.12.02"]
[EventType "swiss"]
[EventRounds "9"]
[EventCountry "ESP"]
[SourceTitle "Ajedrez en Madrid"]
[Source "lmi"]
[SourceDate "2017.12.02"]
[SourceVersion "1"]
[SourceVersionDate "2017.12.16"]
[SourceQuality "1"]

1. e4 e5 2. Nf3 Nc6 3. d4 exd4 4. Nxd4 Qf6 5. Nf3 Bc5 6. Nc3 Nge7 7. Bg5 Qg6 8.
Qd2 f6 9. Bh4 Bb4 10. O-O-O Bxc3 11. Qxc3 Qxe4 12. a3 d6 13. Kb1 Bd7 14. Bb5
O-O-O 15. Rhe1 Qg6 16. Bg3 Nf5 17. Bd3 Qh6 18. b4 Nxg3 19. hxg3 g5 20. b5 Ne5
21. Be4 Nxf3 22. Qxf3 b6 23. Bb7+ Kb8 24. Ba8 Bc8 25. Re7 d5 26. Rxd5 Qf8 27.
Rdd7 Rxd7 28. Rxd7 Qc5 29. Rd5 Qe7 30. Rf5 Qe1+ 31. Kb2 Rd8 32. Rd5 Re8 33. Rd7
Qe5+ 34. Kb1 Qxb5+ 0-1

[Event "19. Open de la Constitución 2017"]
[Site "San Sebastian de los Reyes ES"]
[Date "2017.12.08"]
[Round "7.20"]
[White "Gonzalez Garcia, Luis"]
[Black "Rodriguez Valdeavaro, Julio C"]
[Result "0-1"]
[WhiteElo "1551"]
[BlackElo "1847"]
[PlyCount "50"]
[EventDate "2017.12.02"]
[EventType "swiss"]
[EventRounds "9"]
[EventCountry "ESP"]
[SourceTitle "Ajedrez en Madrid"]
[Source "lmi"]
[SourceDate "2017.12.02"]
[SourceVersion "1"]
[SourceVersionDate "2017.12.16"]
[SourceQuality "1"]

1. d4 Nf6 2. Bf4 c5 3. e3 e6 4. c3 d5 5. Nd2 Bd6 6. Bg3 O-O 7. Ngf3 b6 8. Bd3
Bb7 9. Ne5 Qc7 10. f4 Ne4 11. Qf3 f5 12. Bh4 Nd7 13. h3 cxd4 14. exd4 Nxe5 15.
fxe5 Be7 16. Bxe7 Qxe7 17. Qf4 Rac8 18. O-O-O Rxc3+ 19. bxc3 Qa3+ 20. Kb1 Nxc3+
21. Kc2 Rc8 22. Bc4 Nxd1 23. Kxd1 dxc4 24. Qg5 c3 25. Nc4 Qa4+ 0-1

[Event "19. Open de la Constitución 2017"]
[Site "San Sebastian de los Reyes ES"]
[Date "2017.12.08"]
[Round "7.21"]
[White "Llamas Martinez, Pablo"]
[Black "Alonso Garuti, Luis E"]
[Result "1/2-1/2"]
[WhiteElo "1433"]
[BlackElo "1816"]
[PlyCount "28"]
[EventDate "2017.12.02"]
[EventType "swiss"]
[EventRounds "9"]
[EventCountry "ESP"]
[SourceTitle "Ajedrez en Madrid"]
[Source "lmi"]
[SourceDate "2017.12.02"]
[SourceVersion "1"]
[SourceVersionDate "2017.12.16"]
[SourceQuality "1"]

1. e4 d5 2. exd5 Nf6 3. d4 c6 4. dxc6 e5 5. dxe5 Qxd1+ 6. Kxd1 Ng4 7. cxb7 Bxb7
8. Nh3 Nc6 9. Bb5 O-O-O+ 10. Bd2 Bc5 11. Nc3 Nd4 12. Rg1 Nxe5 13. a3 Nxb5 14.
Nxb5 Nc4 1/2-1/2

[Event "19. Open de la Constitución 2017"]
[Site "San Sebastian de los Reyes ES"]
[Date "2017.12.08"]
[Round "7.22"]
[White "Garcia Minguez, Antonio"]
[Black "Minguela Muñoz, Bienvenido"]
[Result "1-0"]
[WhiteElo "1520"]
[BlackElo "1813"]
[PlyCount "73"]
[EventDate "2017.12.02"]
[EventType "swiss"]
[EventRounds "9"]
[EventCountry "ESP"]
[SourceTitle "Ajedrez en Madrid"]
[Source "lmi"]
[SourceDate "2017.12.02"]
[SourceVersion "1"]
[SourceVersionDate "2017.12.16"]
[SourceQuality "1"]

1. d4 Nf6 2. Nf3 g6 3. Bf4 Bg7 4. h3 c6 5. c3 d5 6. e3 Nbd7 7. Bd3 c5 8. Nbd2
O-O 9. O-O Re8 10. Bh2 Nh5 11. Bc2 e5 12. dxe5 Nxe5 13. Nxe5 Bxe5 14. Bxe5 Rxe5
15. Nf3 Re7 16. Re1 Qb6 17. Rb1 Bd7 18. a3 Bc6 19. Ba4 Rae8 20. Bxc6 Qxc6 21.
Qd2 Nf6 22. Qc2 Ne4 23. Rbc1 b5 24. b3 Qf6 25. Qd3 a6 26. Qxd5 Re6 27. Qd3 Rd6
28. Qc2 Re7 29. c4 Rd2 30. Nxd2 Qxf2+ 31. Kh1 Nxd2 32. Qd3 Ne4 33. Qd8+ Kg7 34.
Qxe7 Ng3+ 35. Kh2 Nf5 36. Qe5+ f6 37. Qf4 1-0

[Event "19. Open de la Constitución 2017"]
[Site "San Sebastian de los Reyes ES"]
[Date "2017.12.08"]
[Round "7.23"]
[White "Alfaya Martinez, Enrique"]
[Black "Braziunaite, Rasa"]
[Result "1-0"]
[WhiteElo "1613"]
[BlackElo "1517"]
[PlyCount "108"]
[EventDate "2017.12.02"]
[EventType "swiss"]
[EventRounds "9"]
[EventCountry "ESP"]
[SourceTitle "Ajedrez en Madrid"]
[Source "lmi"]
[SourceDate "2017.12.02"]
[SourceVersion "1"]
[SourceVersionDate "2017.12.16"]
[SourceQuality "1"]

1. d4 Nf6 2. Bf4 d5 3. e3 Bf5 4. Nd2 e6 5. Ngf3 Bd6 6. Ne5 Nbd7 7. c4 Bxe5 8.
dxe5 Ng4 9. Nf3 c6 10. a3 Be4 11. Qd4 f6 12. exf6 gxf6 13. Qd1 e5 14. Bg3 Nh6
15. Nd2 Bg6 16. cxd5 cxd5 17. Be2 Nf5 18. Bh5 Nxg3 19. hxg3 Rg8 20. Bxg6+ hxg6
21. Qb3 Nb6 22. Rh7 Qc8 23. e4 Qc6 24. Qb4 O-O-O 25. Kd1 Qd6 26. Rc1+ Kb8 27.
Qxd6+ Rxd6 28. Rcc7 Nc8 29. Rxb7+ Ka8 30. Ke2 dxe4 31. Nxe4 Ra6 32. Rb4 Rc6 33.
a4 Nb6 34. a5 Nd5 35. Rbb7 Ra6 36. Rb5 Rd8 37. Nc5 Rc6 38. Nb7 Rb8 39. Rxd5
Rxb7 40. Rh8+ Rb8 41. Rxb8+ Kxb8 42. Kd3 Kc7 43. b4 Rc1 44. Rc5+ Rxc5 45. bxc5
Kc6 46. Kc4 a6 47. g4 e4 48. g3 g5 49. Kd4 Kb5 50. Kd5 Kxa5 51. c6 Kb6 52. Kd6
a5 53. Kd7 a4 54. c7 a3 1-0

[Event "19. Open de la Constitución 2017"]
[Site "San Sebastian de los Reyes ES"]
[Date "2017.12.08"]
[Round "7.24"]
[White "Rial Rodriguez, Marta"]
[Black "Rivera Comino, Oscar"]
[Result "0-1"]
[WhiteElo "1509"]
[BlackElo "1707"]
[PlyCount "156"]
[EventDate "2017.12.02"]
[EventType "swiss"]
[EventRounds "9"]
[EventCountry "ESP"]
[SourceTitle "Ajedrez en Madrid"]
[Source "lmi"]
[SourceDate "2017.12.02"]
[SourceVersion "1"]
[SourceVersionDate "2017.12.16"]
[SourceQuality "1"]

1. e4 d5 2. exd5 Qxd5 3. Nc3 Qd6 4. d4 Nf6 5. Nf3 Bf5 6. g3 c6 7. Bg2 e6 8. O-O
Be7 9. Bf4 Qd8 10. Re1 O-O 11. a3 Bg4 12. Qd3 Bxf3 13. Bxf3 Bd6 14. Bg5 Nbd7
15. Rad1 Qc7 16. Ne4 Be7 17. c4 Rfe8 18. Bf4 Qd8 19. Nd6 Bxd6 20. Bxd6 Nb6 21.
Bf4 Nfd7 22. Be4 Nf8 23. h4 h5 24. Qf3 g6 25. Bg5 Qd7 26. Bd3 Nh7 27. g4 Nxg5
28. hxg5 hxg4 29. Qxg4 Rad8 30. Re4 Nc8 31. Qh3 Qe7 32. Qh6 Qf8 33. Qxf8+ Kxf8
34. Bc2 Kg7 35. Ba4 Nd6 36. Re2 Nxc4 37. f4 Nb6 38. Bb3 Nd5 39. Rf2 Ne3 40. Rd3
Nf5 41. Rfd2 Rd6 42. Kg2 Red8 43. Kf2 Rxd4 44. Rxd4 Rxd4 45. Rxd4 Nxd4 46. Bd1
Kf8 47. Ke3 Nb5 48. Ke4 Ke7 49. Ke5 Nd6 50. Bb3 b6 51. Kd4 Nb7 52. Bc2 Kd6 53.
Be4 Nc5 54. Bc2 Nb7 55. Be4 a5 56. Kc3 Nc5 57. Bf3 Na6 58. Be2 Nc7 59. Kd4 Nd5
60. Ke4 b5 61. Bd1 c5 62. Be2 c4 63. Bf1 c3 64. bxc3 Nxc3+ 65. Kd4 Nd5 66. Bxb5
Nxf4 67. Be8 Ke7 68. Bc6 Nh3 69. Kc5 Nxg5 70. Kb5 e5 71. Kxa5 e4 72. Kb6 e3 73.
Bb5 Ne4 74. Bd3 Kd6 75. Kb5 e2 76. Bxe2 Nc3+ 77. Kb6 Nxe2 78. a4 Nc3 0-1

[Event "19. Open de la Constitución 2017"]
[Site "San Sebastian de los Reyes ES"]
[Date "2017.12.08"]
[Round "7.25"]
[White "De Dompablo Fantova, Juan"]
[Black "Osuna Osuna, Francisco"]
[Result "1-0"]
[WhiteElo "1686"]
[BlackElo "1565"]
[PlyCount "51"]
[EventDate "2017.12.02"]
[EventType "swiss"]
[EventRounds "9"]
[EventCountry "ESP"]
[SourceTitle "Ajedrez en Madrid"]
[Source "lmi"]
[SourceDate "2017.12.02"]
[SourceVersion "1"]
[SourceVersionDate "2017.12.16"]
[SourceQuality "1"]

1. e4 d5 2. exd5 Qxd5 3. Nc3 Qa5 4. d4 Nf6 5. Nf3 Bf5 6. Bd2 c6 7. Bc4 e6 8. a3
Qc7 9. O-O Bd6 10. h3 h5 11. Re1 Nbd7 12. Bg5 O-O-O 13. b4 Rde8 14. Bd3 g6 15.
Rb1 e5 16. dxe5 Bxe5 17. Nxe5 Rxe5 18. Rxe5 Qxe5 19. Qd2 Bxd3 20. cxd3 Nd5 21.
Nxd5 Qxd5 22. Qe3 Qa2 23. Re1 Qxa3 24. Qd4 Rg8 25. Re7 Nb6 26. Qd6 1-0

[Event "19. Open de la Constitución 2017"]
[Site "San Sebastian de los Reyes ES"]
[Date "2017.12.08"]
[Round "7.26"]
[White "Nuevo Benitez, Miguel Angel"]
[Black "Villodre Miranda, Juan Alonso"]
[Result "1-0"]
[WhiteElo "1571"]
[BlackElo "1552"]
[PlyCount "65"]
[EventDate "2017.12.02"]
[EventType "swiss"]
[EventRounds "9"]
[EventCountry "ESP"]
[SourceTitle "Ajedrez en Madrid"]
[Source "lmi"]
[SourceDate "2017.12.02"]
[SourceVersion "1"]
[SourceVersionDate "2017.12.16"]
[SourceQuality "1"]

1. d4 f5 2. c4 e6 3. Nc3 Nf6 4. e3 d5 5. Nf3 c6 6. Be2 Nbd7 7. Qc2 h6 8. Ne5
Nxe5 9. dxe5 Ng4 10. Bxg4 fxg4 11. Qg6+ Ke7 12. cxd5 cxd5 13. Qxg4 Qc7 14. Qf4
Bd7 15. Bd2 Re8 16. O-O Kd8 17. Rfc1 g5 18. Qg3 Qb8 19. a4 Bg7 20. Qg4 Bxe5 21.
f4 Bf6 22. Rd1 e5 23. f5 h5 24. Qb4 Bc6 25. Nxd5 Bxd5 26. Qa5+ Ke7 27. Qxd5 Kf8
28. e4 Rh7 29. Rac1 Rd8 30. Bb4+ Kg7 31. Bd6 Qa8 32. Qe6 Rxd6 33. Rxd6 1-0

[Event "19. Open de la Constitución 2017"]
[Site "San Sebastian de los Reyes ES"]
[Date "2017.12.08"]
[Round "7.27"]
[White "Rodriguez Bernal, Herman"]
[Black "Aragon Lopez, Hiria"]
[Result "1-0"]
[WhiteElo "1763"]
[BlackElo "1488"]
[PlyCount "187"]
[EventDate "2017.12.02"]
[EventType "swiss"]
[EventRounds "9"]
[EventCountry "ESP"]
[SourceTitle "Ajedrez en Madrid"]
[Source "lmi"]
[SourceDate "2017.12.02"]
[SourceVersion "1"]
[SourceVersionDate "2017.12.16"]
[SourceQuality "1"]

1. d4 Nf6 2. c3 d5 3. Bg5 e6 4. Nd2 c5 5. e3 Nc6 6. Ngf3 Be7 7. Bd3 cxd4 8.
exd4 Nd7 9. Bf4 O-O 10. Qc2 h6 11. O-O-O Bf6 12. Rde1 Re8 13. Ne5 Ndxe5 14.
dxe5 Bg5 15. Bxg5 Qxg5 16. g3 Bd7 17. f4 Qe7 18. Kb1 Rac8 19. Ka1 b5 20. f5 Nd4
21. Qd1 Nxf5 22. Bxf5 exf5 23. Nf3 Qc5 24. Qd4 a5 25. Qxc5 Rxc5 26. Nd4 Rc4 27.
Rhf1 b4 28. Rf3 bxc3 29. bxc3 Rec8 30. Ree3 g6 31. Rd3 Ra4 32. Rd2 Rac4 33.
Rdd3 Rb8 34. Rf2 Ba4 35. Rb2 Rbc8 36. Ne2 Re8 37. Rxd5 Re4 38. Kb1 R4xe5 39.
Rxe5 Rxe5 40. Kc1 Kg7 41. Kd2 g5 42. Nd4 Kg6 43. Rb6+ Kh5 44. c4 Re4 45. Nxf5
Bd7 46. Ne3 Re6 47. Rb7 Rd6+ 48. Kc3 Be6 49. Ra7 f5 50. Rxa5 Kg6 51. c5 Rc6 52.
Kd4 f4 53. gxf4 gxf4 54. Ng2 Kf5 55. Ra3 Kg4 56. h3+ Kf5 57. Nh4+ Kg5 58. Nf3+
Kf5 59. Ra5 Kf6 60. Ne5 Rc7 61. Ra3 Kg5 62. Nf3+ Kf5 63. Ne5 Kg5 64. Rf3 Kf5
65. Nd3 Bxa2 66. Rxf4+ Kg5 67. Rg4+ Kf5 68. Rf4+ Kg5 69. h4+ Kg6 70. Ne5+ Kg7
71. c6 Be6 72. Kc5 Rc8 73. Kd6 Re8 74. c7 Bc8 75. Rf7+ Kg8 76. Rf6 Kg7 77. Rg6+
Kh7 78. h5 Rf8 79. Nd7 Rf7 80. Nf6+ Rxf6+ 81. Rxf6 Kg7 82. Rf2 Kg8 83. Rb2 Kf7
84. Rb8 Bf5 85. c8=Q Bxc8 86. Rxc8 Kf6 87. Rc5 Kf7 88. Rf5+ Kg7 89. Ke6 Kh7 90.
Rf7+ Kg8 91. Kf6 Kh8 92. Kg6 Kg8 93. Rf6 Kh8 94. Rf8# 1-0

[Event "19. Open de la Constitución 2017"]
[Site "San Sebastian de los Reyes ES"]
[Date "2017.12.08"]
[Round "7.28"]
[White "Stefanescu, Iulian"]
[Black "Ojosnegros Martin, Angel"]
[Result "1-0"]
[WhiteElo "1721"]
[BlackElo "1519"]
[PlyCount "97"]
[EventDate "2017.12.02"]
[EventType "swiss"]
[EventRounds "9"]
[EventCountry "ESP"]
[SourceTitle "Ajedrez en Madrid"]
[Source "lmi"]
[SourceDate "2017.12.02"]
[SourceVersion "1"]
[SourceVersionDate "2017.12.16"]
[SourceQuality "1"]

1. b3 Nf6 2. Bb2 e6 3. e3 b6 4. f4 Bb7 5. Nf3 d5 6. d3 Nbd7 7. h3 Be7 8. Nbd2
c5 9. Be2 Qc7 10. Ne5 d4 11. Nxd7 Qxd7 12. e4 Qc7 13. O-O O-O-O 14. Nc4 Rhg8
15. Ne5 Bd6 16. Bc1 h6 17. Nc4 Be7 18. Bd2 Nd7 19. a3 Rdf8 20. c3 dxc3 21. Bxc3
g5 22. Bd2 gxf4 23. Bxf4 e5 24. Bh2 Bg5 25. Rf5 f6 26. Bh5 Kb8 27. Ra2 b5 28.
Nd2 Be3+ 29. Kf1 Ba6 30. Qe2 Bd4 31. Nf3 Bc3 32. Bg1 b4 33. axb4 Qd6 34. Rxa6
Qxa6 35. bxc5 Qa1+ 36. Ne1 Rd8 37. Bf7 Qxe1+ 38. Qxe1 Bxe1 39. Bxg8 Rxg8 40. c6
Bh4 41. cxd7 Bg5 42. g3 Rd8 43. h4 Bc1 44. Rxf6 Rxd7 45. Ke2 Rb7 46. Rf8+ Kc7
47. Rf7+ Kc6 48. Rxb7 Kxb7 49. Be3 1-0

[Event "19. Open de la Constitución 2017"]
[Site "San Sebastian de los Reyes ES"]
[Date "2017.12.08"]
[Round "7.29"]
[White "Gonzalez Morente, Jose A"]
[Black "Criado Jimenez, Jose"]
[Result "1-0"]
[WhiteElo "1453"]
[BlackElo "1615"]
[PlyCount "43"]
[EventDate "2017.12.02"]
[EventType "swiss"]
[EventRounds "9"]
[EventCountry "ESP"]
[SourceTitle "Ajedrez en Madrid"]
[Source "lmi"]
[SourceDate "2017.12.02"]
[SourceVersion "1"]
[SourceVersionDate "2017.12.16"]
[SourceQuality "1"]

1. d4 c6 2. Nf3 d5 3. Bf4 Bf5 4. e3 h6 5. c4 e6 6. Nbd2 Bd6 7. Ne5 Qc7 8. cxd5
exd5 9. Be2 Ne7 10. Bg4 Bh7 11. Bg3 O-O 12. O-O f6 13. Be6+ Kh8 14. Nf7+ Rxf7
15. Bxf7 Bxg3 16. fxg3 Nf5 17. Qh5 Nxe3 18. Rae1 g6 19. Bxg6 Nxf1 20. Kxf1 Kg7
21. Bxh7 Kxh7 22. Qe8 1-0

[Event "19. Open de la Constitución 2017"]
[Site "San Sebastian de los Reyes ES"]
[Date "2017.12.08"]
[Round "7.30"]
[White "Perdiguero Herreros, Alejandro"]
[Black "Garcia Lopez, Fernando"]
[Result "0-1"]
[WhiteElo "1313"]
[BlackElo "1573"]
[PlyCount "65"]
[EventDate "2017.12.02"]
[EventType "swiss"]
[EventRounds "9"]
[EventCountry "ESP"]
[SourceTitle "Ajedrez en Madrid"]
[Source "lmi"]
[SourceDate "2017.12.02"]
[SourceVersion "1"]
[SourceVersionDate "2017.12.16"]
[SourceQuality "1"]

1. e4 c5 2. Nf3 e6 3. d4 cxd4 4. Nxd4 Nc6 5. Nc3 Qc7 6. Be2 a6 7. a3 Nf6 8. O-O
Be7 9. Kh1 O-O 10. f4 d6 11. Nxc6 bxc6 12. Bd3 e5 13. f5 Bb7 14. g4 h6 15. h4
Nh7 16. Rg1 Bxh4 17. Bc4 Qe7 18. Be3 Bg5 19. Bf2 Nf6 20. Ba2 Kh7 21. Kg2 Rh8
22. Rh1 Rag8 23. Kf3 g6 24. fxg6+ Rxg6 25. Qd3 Qd7 26. Rag1 Bf4 27. Rh4 Rhg8
28. Ne2 d5 29. exd5 e4+ 30. Qxe4 Nxe4 31. Kxe4 Bg5 32. Rh5 cxd5+ 33. Kd3 0-1

[Event "19. Open de la Constitución 2017"]
[Site "San Sebastian de los Reyes ES"]
[Date "2017.12.08"]
[Round "7.31"]
[White "Martin Rodriguez, Jose Luis"]
[Black "Yaniz Lana, Francisco Javier"]
[Result "0-1"]
[WhiteElo "1293"]
[BlackElo "1570"]
[PlyCount "52"]
[EventDate "2017.12.02"]
[EventType "swiss"]
[EventRounds "9"]
[EventCountry "ESP"]
[SourceTitle "Ajedrez en Madrid"]
[Source "lmi"]
[SourceDate "2017.12.02"]
[SourceVersion "1"]
[SourceVersionDate "2017.12.16"]
[SourceQuality "1"]

1. c4 c6 2. b3 d5 3. cxd5 cxd5 4. Bb2 Nc6 5. g3 e5 6. Bh3 Nf6 7. Bg2 Bc5 8. Nf3
e4 9. Ng1 Ng4 10. e3 Nge5 11. Bxe5 Nxe5 12. Bf1 O-O 13. Qc2 Bb4 14. a3 Bd6 15.
Nc3 Be6 16. Nb5 Rc8 17. Qb1 Bb8 18. Nd4 Bg4 19. Ra2 Qc7 20. Rc2 Qa5 21. Qa2 Bd6
22. a4 Bb4 23. Nb5 Rxc2 24. Qxc2 Rc8 25. Qb2 Bxd2+ 26. Qxd2 Rc1# 0-1

[Event "19. Open de la Constitución 2017"]
[Site "San Sebastian de los Reyes ES"]
[Date "2017.12.08"]
[Round "7.32"]
[White "Quintero Cuervo, Edgar"]
[Black "Rodriguez Municio, Carmen"]
[Result "1-0"]
[WhiteElo "1566"]
[BlackElo "1213"]
[PlyCount "47"]
[EventDate "2017.12.02"]
[EventType "swiss"]
[EventRounds "9"]
[EventCountry "ESP"]
[SourceTitle "Ajedrez en Madrid"]
[Source "lmi"]
[SourceDate "2017.12.02"]
[SourceVersion "1"]
[SourceVersionDate "2017.12.16"]
[SourceQuality "1"]

1. d4 d5 2. c4 e6 3. Nf3 Nf6 4. Bg5 Be7 5. Nc3 b6 6. Ne5 Nbd7 7. Nc6 Bb7 8.
Nxd8 Rxd8 9. e3 O-O 10. Bd3 Rfe8 11. Nb5 c6 12. Bxf6 Bxf6 13. Nd6 Re7 14. Nxb7
Rb8 15. Nd6 e5 16. Nf5 Ree8 17. h4 exd4 18. Kf1 dxe3 19. Nxe3 Bxb2 20. Rb1 Bf6
21. cxd5 cxd5 22. Nxd5 Rbd8 23. Rh3 g6 24. h5 1-0

[Event "19. Open de la Constitución 2017"]
[Site "San Sebastian de los Reyes ES"]
[Date "2017.12.08"]
[Round "7.35"]
[White "Mehalingam, Karunanithi"]
[Black "Duma, Mihaela"]
[Result "1-0"]
[WhiteElo "1490"]
[BlackElo "1008"]
[PlyCount "51"]
[EventDate "2017.12.02"]
[EventType "swiss"]
[EventRounds "9"]
[EventCountry "ESP"]
[SourceTitle "Ajedrez en Madrid"]
[Source "lmi"]
[SourceDate "2017.12.02"]
[SourceVersion "1"]
[SourceVersionDate "2017.12.16"]
[SourceQuality "1"]

1. d4 d5 2. c4 Nf6 3. e3 e6 4. Nc3 Bd6 5. Bd3 O-O 6. b3 Nc6 7. Nge2 Re8 8. f4
Bb4 9. Bb2 b6 10. Qc2 Ne4 11. Bxe4 dxe4 12. Qxe4 Bb7 13. O-O-O f5 14. Qc2 Qd6
15. d5 Na5 16. Nb5 Qe7 17. a3 Bc5 18. Qc3 a6 19. d6 cxd6 20. Nxd6 Bxd6 21. Rxd6
Nc6 22. Rxe6 Qf7 23. Rd6 Ne7 24. Ng3 Rad8 25. Rhd1 Bxg2 26. Rxd8 1-0

[Event "19. Open de la Constitución 2017"]
[Site "San Sebastian de los Reyes ES"]
[Date "2017.12.08"]
[Round "7.36"]
[White "Busto Alvarez, Francisco"]
[Black "Vallespin Morales, Antonio"]
[Result "0-1"]
[WhiteElo "1200"]
[BlackElo "1388"]
[PlyCount "58"]
[EventDate "2017.12.02"]
[EventType "swiss"]
[EventRounds "9"]
[EventCountry "ESP"]
[SourceTitle "Ajedrez en Madrid"]
[Source "lmi"]
[SourceDate "2017.12.02"]
[SourceVersion "1"]
[SourceVersionDate "2017.12.16"]
[SourceQuality "1"]

1. e4 c5 2. d4 cxd4 3. c3 e6 4. Nf3 Nf6 5. Bd3 dxc3 6. Nxc3 Bb4 7. Bf4 a6 8.
O-O Bxc3 9. bxc3 O-O 10. Bc4 d5 11. e5 Ne4 12. Qc2 Nc6 13. Bd3 f5 14. Rad1 Qe8
15. c4 Nb4 16. Qb2 Nxd3 17. Rxd3 dxc4 18. Rd4 b5 19. Rfd1 Rf7 20. Ng5 Rd7 21.
Nxe4 Rxd4 22. Qxd4 fxe4 23. Qxe4 Ra7 24. Qd4 Rd7 25. Qd6 Rxd6 26. exd6 Bd7 27.
Rd4 Qc8 28. Be5 Qc5 29. Re4 c3 0-1

[Event "19. Open de la Constitución 2017"]
[Site "San Sebastian de los Reyes ES"]
[Date "2017.12.09"]
[Round "8.1"]
[White "Hernando Pertierra, Jose C"]
[Black "Martin Duque, Jesus"]
[Result "1/2-1/2"]
[WhiteElo "2355"]
[BlackElo "2376"]
[PlyCount "32"]
[EventDate "2017.12.02"]
[EventType "swiss"]
[EventRounds "9"]
[EventCountry "ESP"]
[SourceTitle "Ajedrez en Madrid"]
[Source "lmi"]
[SourceDate "2017.12.02"]
[SourceVersion "1"]
[SourceVersionDate "2017.12.16"]
[SourceQuality "1"]

1. Nf3 Nf6 2. b3 d5 3. e3 e6 4. Bb2 Be7 5. Be2 O-O 6. O-O c5 7. c4 Nc6 8. d4
dxc4 9. Bxc4 a6 10. dxc5 Bxc5 11. Nbd2 Be7 12. Nd4 Nxd4 13. Bxd4 b5 14. Be2 Bb7
15. Bf3 Bxf3 16. Nxf3 Nd5 1/2-1/2

[Event "19. Open de la Constitución 2017"]
[Site "San Sebastian de los Reyes ES"]
[Date "2017.12.09"]
[Round "8.2"]
[White "Sosa, Tomas"]
[Black "Hernandez Ramos, David"]
[Result "1-0"]
[WhiteElo "2460"]
[BlackElo "2054"]
[PlyCount "59"]
[EventDate "2017.12.02"]
[EventType "swiss"]
[EventRounds "9"]
[EventCountry "ESP"]
[SourceTitle "Ajedrez en Madrid"]
[Source "lmi"]
[SourceDate "2017.12.02"]
[SourceVersion "1"]
[SourceVersionDate "2017.12.16"]
[SourceQuality "1"]

1. e4 e6 2. d3 d5 3. Nd2 b6 4. g3 Bb7 5. Bg2 Nd7 6. Ne2 Ngf6 7. O-O Be7 8. b3
c5 9. a4 O-O 10. Bb2 Qc7 11. Nc3 a6 12. Qe2 d4 13. Nd1 b5 14. f4 e5 15. c3 dxc3
16. Bxc3 Bc6 17. Ne3 Rae8 18. axb5 axb5 19. Nf5 Bd6 20. Qe3 exf4 21. gxf4 Nh5
22. Qh3 Nxf4 23. Qh6 Be5 24. Bxe5 Ne2+ 25. Kh1 Qxe5 26. Qxc6 Qb2 27. Qxd7 Qxd2
28. Rad1 Qg5 29. Bf3 Rd8 30. Qe7 1-0

[Event "19. Open de la Constitución 2017"]
[Site "San Sebastian de los Reyes ES"]
[Date "2017.12.09"]
[Round "8.3"]
[White "Roa Alonso, Santiago"]
[Black "Pastor Alonso De Prado, Alberto"]
[Result "1-0"]
[WhiteElo "2354"]
[BlackElo "2166"]
[PlyCount "75"]
[EventDate "2017.12.02"]
[EventType "swiss"]
[EventRounds "9"]
[EventCountry "ESP"]
[SourceTitle "Ajedrez en Madrid"]
[Source "lmi"]
[SourceDate "2017.12.02"]
[SourceVersion "1"]
[SourceVersionDate "2017.12.16"]
[SourceQuality "1"]

1. d4 d5 2. c4 e6 3. Nc3 Nf6 4. Nf3 Be7 5. Bg5 h6 6. Bxf6 Bxf6 7. e3 O-O 8. Rc1
c5 9. dxc5 Qa5 10. cxd5 exd5 11. Qd2 Be6 12. Be2 Nc6 13. Nd4 Rac8 14. O-O Qxc5
15. Ne4 Qe7 16. Nxf6+ Qxf6 17. Nxc6 Rxc6 18. Rxc6 bxc6 19. Rc1 Rc8 20. Ba6 Rb8
21. b3 Rb6 22. Bf1 Bf5 23. Rd1 h5 24. Qa5 Qe7 25. Rd4 h4 26. h3 Rb7 27. Qc3 Qf6
28. Qc5 Re7 29. Rf4 Re4 30. Qxa7 g5 31. Rxe4 Bxe4 32. Qd4 Qd8 33. b4 Qa8 34.
Qf6 Qxa2 35. Qxg5+ Kf8 36. f3 Bg6 37. Qxh4 Qb1 38. Qd4 1-0

[Event "19. Open de la Constitución 2017"]
[Site "San Sebastian de los Reyes ES"]
[Date "2017.12.09"]
[Round "8.4"]
[White "Lozano Suarez, Luis Miguel"]
[Black "Lianes Garcia, Marcos"]
[Result "1/2-1/2"]
[WhiteElo "2163"]
[BlackElo "2300"]
[PlyCount "42"]
[EventDate "2017.12.02"]
[EventType "swiss"]
[EventRounds "9"]
[EventCountry "ESP"]
[SourceTitle "Ajedrez en Madrid"]
[Source "lmi"]
[SourceDate "2017.12.02"]
[SourceVersion "1"]
[SourceVersionDate "2017.12.16"]
[SourceQuality "1"]

1. c4 Nf6 2. g3 Nc6 3. Bg2 e6 4. Nf3 d5 5. O-O Rb8 6. cxd5 exd5 7. d4 h6 8. Ne5
Bd6 9. Nxc6 bxc6 10. Qc2 Bd7 11. Nc3 O-O 12. e4 dxe4 13. Nxe4 Nd5 14. a3 Be7
15. Re1 Re8 16. b4 Bf8 17. Bd2 g6 18. h4 Bg7 19. Rac1 Kh7 20. Qd3 Rb6 21. h5
Bf5 1/2-1/2

[Event "19. Open de la Constitución 2017"]
[Site "San Sebastian de los Reyes ES"]
[Date "2017.12.09"]
[Round "8.5"]
[White "Perez Gonzalez, Jose Manuel"]
[Black "Largo Barbero, Benito"]
[Result "1-0"]
[WhiteElo "2226"]
[BlackElo "1925"]
[PlyCount "95"]
[EventDate "2017.12.02"]
[EventType "swiss"]
[EventRounds "9"]
[EventCountry "ESP"]
[SourceTitle "Ajedrez en Madrid"]
[Source "lmi"]
[SourceDate "2017.12.02"]
[SourceVersion "1"]
[SourceVersionDate "2017.12.16"]
[SourceQuality "1"]

1. e4 e6 2. d4 d5 3. Nc3 Bb4 4. e5 c5 5. a3 Bxc3+ 6. bxc3 Qc7 7. Qg4 f5 8. Qh5+
g6 9. Qd1 Nc6 10. Nf3 c4 11. h4 h6 12. Rh3 Nd8 13. Rg3 Qh7 14. Be2 Nf7 15. a4
Ne7 16. Bf4 Bd7 17. Qb1 Bc6 18. Qb4 Rd8 19. Bc1 Rd7 20. Ng1 Rg8 21. Nh3 Nd8 22.
Qb1 Rc7 23. Ba3 Rd7 24. Nf4 Rg7 25. Qd1 Kf8 26. h5 gxh5 27. Rh3 Rg5 28. g3 Rc7
29. Nxh5 Be8 30. Nf6 Qg7 31. Bc1 Bg6 32. f4 Rg4 33. Bxg4 fxg4 34. Qxg4 Nf7 35.
Ba3 Nd8 36. Kd2 Kf7 37. Bxe7 Rxe7 38. Rah1 Bf5 39. Qxg7+ Kxg7 40. g4 Bg6 41.
Rxh6 Nf7 42. R6h4 a6 43. Nh5+ Kg8 44. Ng3 Be4 45. Nxe4 dxe4 46. Rh7 b5 47. axb5
a5 48. g5 1-0